书目信息 |
| 题名: |
皮肤科手册
|
|
| 作者: | 王侠生 主编 | |
| 分册: | ||
| 出版信息: | 上海 上海科学技术出版社 1992.10 |
|
| 页数: | 702页 | |
| 开本: | 32开 | |
| 丛书名: | ||
| 单 册: | ||
| 中图分类: | R75-62 | |
| 科图分类: | ||
| 主题词: | 皮肤病学 , 性病学 | |
| 电子资源: | ||
| ISBN: | 7-5323-2679-9 | |
| 000 | 00561nam0 2200205 45 | |
| 001 | 0103271427 | |
| 005 | 20010327145422.6 | |
| 010 | @a7-5323-2679-9@d33.00元 | |
| 100 | @a20010327d1992 km y0chiy0120 ea | |
| 101 | 0 | @achi |
| 105 | @a z 000yy | |
| 200 | 1 | @a皮肤科手册@APi Fu Ke Shou Ce@f王侠生主编@FWang Xia Sheng Zhu Bian |
| 210 | @a上海@c上海科学技术出版社@d1992.10 | |
| 215 | @a702页@d32开 | |
| 606 | 0 | @a皮肤病学 |
| 606 | 0 | @a性病学 |
| 690 | @aR75-62@v3 | |
| 701 | 0 | @a王侠生@4主编 |
| 801 | @aCN@bPftUser@c20010327 | |
| 905 | @b333139@dR75-62@eW798@f1 | |
| 皮肤科手册/王侠生主编.-上海:上海科学技术出版社,1992.10 |
| 702页;32开 |
| ISBN 7-5323-2679-9:33.00元 |
| ● |
| 相关链接 |
|
|
|
正题名:皮肤科手册
索取号:R75-62/W798
 
预约/预借
| 序号 | 登录号 | 条形码 | 馆藏地/架位号 | 状态 | 备注 |
| 1 | 333139 | 203331395 | 自科库401/401自科库 21排4列2层/ [索取号:R75-62/W798] | 在馆 |